000 00843nmm a2200265 a 4500
001 ocm000652917
003 TR-IsHL
005 20201028133531.0
008 131121s2000 tu tur
007 cr cn
020 _a9789754824995
035 _a652917
_b(N$T)
050 0 4 _aQD549
_b.G66 2000
090 0 4 _aQD549
_b.G66 2000
100 1 _aGönül, Nurşin
245 1 0 _aÇok fazlı sistemle 1: yüzey kimyası ve kolloidler
_h[electronic resource] /
_cNurşin Gönül
260 _aAnkara :
_bAnkara Üniversitesi Eczacılık Fakültesi,
_c2000
300 _a105 p.
650 4 _aTıp
650 4 _aMedicine
650 0 _aÇok fazlı sistemler
650 0 _aMulti-phase systems
650 7 _aMEDICAL / General
_2bisacsh
856 4 0 _uhttp://search.ebscohost.com/login.aspx?direct=true&scope=site&db=e011xww&AN=652917
999 _c5694
_d5694